000 00755nam a2200241Ia 4500
003 OSt
005 20240509110703.0
008 210210b1956 xxu||||| |||| 00| 0 eng d
040 _cAL
041 _aKannada
082 _a852/440
100 _aMAIYERS JAMES
_9161259
_dಮೈಯೆರ್ಸ್ ಜೇಮ್ಸ್
245 _aAmerikada Karmika Vargada Kate
_bಅಮೇರಿಕಾದ ಕಾರ್ಮಿಕ ವರ್ಗದ ಕತೆ
260 _aBengaLuru
_b-
_c1956
650 _avargada
_9161260
650 _akate
_9161261
650 _akArmika
_9161262
650 _aAmErikada
_9161263
690 _aKannada Prose
_9161264
700 _aLEDLER HYARI
_9161265
_dಲೆಡ್ಲರ್ ಹ್ಯಾರಿ
906 _a019006
942 _2ddc
_cBK
999 _c143057
_d143057